000 00682nam a22001577a 4500
003 OSt
005 20150918174853.0
008 150918b xxu||||| |||| 00| 0 eng d
040 _cRUA
082 _aAGR HIE 2006 BO33 Or.1
100 _9807
_aHIEK, SOPHEAK
245 _aStudy on sustainable agriculture system of padek in preah sdach district, prey veng province,(សិក្សាពីប្រព័ន្ធកសិកម្មសមស្របរបស់អង្គការប៉ាដិក នៅស្រុកព្រះស្តេច ខេត្តព្រៃវែង).
260 _aphnom phen
_bRUA
_c2006
300 _aXII.40p.
_bill.
_c29cm.
942 _2ddc
_cAGR
999 _c780
_d780